00522cam a22001217a 4500008004000000082002600040245011000066260006100176300000900237700003600246999001900282952009900301180718b1969 xxu||||| |||| 00| 0 eng d aR2303x5452 M267r/1965 aReport on the working of the payment of wages act, 1936 in the state of Madrascby Commissioner of Labour aTamilnadubThe Director of Stationery And Printingc1969 a34p. aChennai. Commissioner of Labour c497089d497089 00104070aIIPAbIIPAd2018-08-04oR2303x5452 M267r/1965pGG10333r2018-08-04w2018-08-04yGG